Termokomplex, spol. s. r. o. Krompachy informuje

Bibliographic Details
Format: Article
Language:Slovak
Subjects:

MARC

LEADER 00000nab a2200000 ar4500
001 vtls009961296
003 SK-MaSNL
005 20260305031150.0
008 091019c2009 xo mr|p|||||||000 b|slo
038 |a SNSK 
040 |b slo  |c SNSK  |e AACR2 
041 |a slo 
044 |a xo  |c SK 
080 |a 662.9  |2 2001 
080 |a 629.3.048.7  |x ( 437.678)  |2 2001 
245 0 0 |a Termokomplex, spol. s. r. o. Krompachy informuje 
610 2 7 |a Termokomplex (Krompachy, Slovensko)  |2 snsk  |9 1029170 
650 0 7 |a vykurovanie  |2 snsk  |9 14779 
651 7 |a Krompachy (Slovensko)  |2 snsk  |9 43389 
651 7 |a Spišská Nová Ves (Slovensko : okres)  |2 snsk  |9 22259 
773 0 |t Krompašský spravodajca  |g Roč. XIX., č. 4 (apríl 2009), s. 4-5 
852 |a SNSK  |b KIS3GCP 
999 |c 3315001  |d 3316931